000 00243nam a2200097Ia 4500
001 744121
005 20250826164252.0
008 250824s9999 xx 000 0 und d
245 0 _aSÜPER YERYÜZÜ
_cASENA MERİÇ
260 _bYEDİVEREN YAYINLARI
999 _c744121
_d744121